000 01124nam a2200313 a 4500
001 000019407
005 20200929170017.0
008 100628s1983 sp 000 p spa d
020 _a8427703155
040 _aDO-SdBNP
_bspa
_cBNPHU
082 _a861.6
_bA833a
100 1 _aAsis, María Dolores de,
_941661
245 1 0 _aAntología de poetas españoles contemporáneos /
_cMaría Dolores de Asis.
260 _aMadrid :
_bNarcea,
_c1983.
300 _av ;
_c18 cm.
490 1 _aBitácora
_v60
490 1 _aBiblioteca del estudiante
_v60
500 _aLa biblioteca posee el volumen 2
504 _aIncluye referencias bibliográficas y notas al pie de las páginas
504 _aBibliografía: p. 277-305
500 _aIncluye índice
650 4 _aPoetas españoles
_936384
650 4 _aPoetas españoles
_xCrítica e interpretación
_914275
650 4 _aPoetas españoles
_ySIGLO XX
_xBiografías
_941662
650 4 _aPoesia española
_ySIGLO XX
_xColecciones
_939653
650 4 _aLiteratura española
_xColecciones
_94174
830 0 _aBitácora ;
_pBiblioteca del estudiante ;
_v60
_941663
049 _aBNGR
999 _c18923
_d18923